Cities Chain - World - Statistics

General Stats
  • This quiz has been taken 42 times
  • The average score is 11 of 16
Answer Stats
Country City % Correct
Ireland Dublin
97%
India (city starts with A) Ahmedabad
78%
Jordan Amman
78%
Finland Helsinki
78%
Turkey Istanbul
78%
Pakistan Islamabad
76%
Pakistan Karachi
76%
Japan Nagoya
76%
USA Dallas
70%
Russia St. Petersburg
70%
United Kingdom Edinburgh
68%
Poland Gdansk
68%
Kazakhstan Astana
65%
Yemen Sana'a
65%
Malawi Lilongwe
57%
USA New Orleans
38%
No matching quizzes found
Score Distribution
Percent of People with Each Score
Percentile by Number Answered
Your Score History
You have not taken this quiz